000
00330nam a22001457a 4500
003
OSt
005
20160727222404.0
008
160623b xxu||||| |||| 00| 0 eng d
040
_c
Test
100
_9
786
_a
Burkett, L
245
_a
Solar Flare
260
_a
Chicago
_b
Northfield Pub.
_c
1997
300
_a
Solar Flare
942
_2
ddc
_c
BK
999
_c
629
_d
629